Les plus grands pays de l'Empire français - Statistiques

Statistiques générales
  • Ce quiz a été pris 12 059 fois
    12 012 depuis la dernière actualisation
  • Le résultat moyen est 9 sur 14
Statistiques - réponses
% km2 Pays % Correct
100 2 400 000 Algérie
91%
56 400 000 Maroc
85%
25 2 500 000 Canada
80%
100 1 240 000 Mali
73%
100 340 000 République du Congo
71%
22 2 140 000 Etats-Unis
70%
100 650 000 France
66%
100 1 270 000 Niger
62%
100 330 000 Viêt Nam
62%
100 1 280 000 Tchad
59%
100 1 030 000 Mauritanie
56%
100 320 000 Côte d'Ivoire
52%
100 620 000 République Centrafricaine
40%
100 590 000 Madagascar
39%
Aucun quiz correspondant
Distribution des résultats
% des personnes avec chaque résultat
Percentile par nombre de réponses
Votre historique - résultats
Vous n’avez pas pris ce quiz depuis la dernière actualisation